| 000 | 00879nam a2200253 i 4500 | ||
|---|---|---|---|
| 001 | 192114 | ||
| 003 | ES-MaACL | ||
| 005 | 20240130204126.0 | ||
| 008 | 221104s2009 ag 000 0 spa c | ||
| 020 | _a978-950-892-333-2 | ||
| 040 |
_aSpMaUCPS _cES-MaACL |
||
| 080 | _a159.964.2 | ||
| 100 | 1 |
_aBraier, Eduardo. _9175726 _eaut |
|
| 245 | 1 | 0 |
_aHacer camino con Freud / _cEduardo Braier. |
| 260 |
_aBuenos Aires : _bLugar Editorial, _c2009. |
||
| 300 |
_a400 páginas ; _c22 cm. |
||
| 600 | 1 | 4 |
_aFreud, Sigmund, _d1856-1939- _xCrítica e interpretación _952549 |
| 650 | 4 |
_aPsicoanálisis. _916530 |
|
| 852 |
_aES-MaACL _jN-8057 _9199396 _hDonación: Eduardo Braier _cDEPOJ _bR. 152864 _gDedicatoria autógrafa del autor |
||
| 903 |
_9175726 _aBraier, Eduardo _ednr |
||
| 942 |
_cMONOGRAFIA _n0 |
||
| 999 |
_c192114 _d192114 |
||